| 000 -ლიდერი |
| ფიქსირებული სიგრძის საკონტროლო ველი |
01330nam a2200217Ia 4500 |
| 001 - საკონტროლო ნომერი |
| საკონტროლო ველი |
12291 |
| 003 - საკონტროლო ნომრის იდენტიფიკატორი |
| საკონტროლო ველი |
GE_BSU |
| 005 - ბოლო ოპერაციის თარიღი და დრო |
| საკონტროლო ველი |
20240705152933.0 |
| 008 - ფიქსირებული სიგრძის მონაცემთა ელემენტები - ზოგადი ინფორმაცია |
| ფიქსირებული სიგრძის საკონტროლო ველი |
181216s2014||||ge |||||||||||||| ||geo|| |
| 020 ## - წიგნის საერთაშორისო სტანდარტული ნომერი |
| International Standard Book Number |
9789941068539 |
| 040 ## - კატალოგიზაციის წყარო |
| Transcribing agency |
GE_BSU |
| 041 ## - ენის კოდი |
| Language code of text/sound track or separate title |
geo |
| 080 ## - უნივერსალური ათობითი კლასიფიკაციის ინდექსი |
| Universal Decimal Classification number |
75/76(479.223) ბ-58 |
| 245 ## - ცნობა სათაურის შესახებ |
| Title |
ბესელია ვახტანგ = Vaktang Beselia / |
| Statement of responsibility, etc |
პროექტის ავტორი და ალბომის შემდგ. გიორგი ჯანბერიძე ; ტექსტი რატი ჩიბურდანიძის. |
| 264 ## - წარმოების, გამოცემის, დისტრიბუციის და სხვა ცნობები |
| გამოცემის, წარმოების, დისტრიბუციის... ადგილი |
ბათუმი : |
| გამოცემის, წარმოების, დისტრიბუციის... სახელწოდება |
სეზანი, |
| გამოცემის, წარმოების, დისტრიბუციის... თარიღი |
2014. |
| 300 ## - ფიზიკური აღწერა |
| Extent |
160 გვ. : |
| Other physical details |
ილ. ; |
| Dimensions |
28 სმ. |
| 500 ## - ზოგადი შენიშვნა |
| General note |
პროექტი განხორციელდა აჭარის ავტ.რესპ.განათლების,კულტურის და სპორტის სამინიტროს მხარდაჭერით |
| 520 ## - SUMMARY, ETC. |
| Summary, etc |
პროექტი განხორციელდა აჭარის ავტ.რესპ.განათლების,კულტურის და სპორტის სამინიტროს მხარდაჭერით. |
| 653 ## - INDEX TERM--UNCONTROLLED |
| Uncontrolled term |
ბესელია ვახტანგ = Vaktang Beselia |
| 942 ## - ADDED ENTRY ELEMENTS (KOHA) |
| Koha item type |
წიგნი |
| Source of classification or shelving scheme |
|